Wybierz tylko.... #1 - Statystyki

Ogólne statystyki
  • Ten quiz został rozwiązany 311 razy
    118 od ostatniego zresetowania
  • Średni wynik to 56 z 80
Statystyki odpowiedzi
Zagadnienie Komórka Select % Poprawnych
Państwa śródlądowe Bułgaria Nie
91%
Państwa śródlądowe Austria Tak
88%
Państwa śródlądowe Monako Nie
88%
Stolice państw Ateny Tak
86%
Państwa Azji Australia Nie
86%
Państwa Azji Francja Nie
86%
Stolice państw Hamburg Nie
86%
Państwa Azji Kanada Nie
86%
Stolice państw Lizbona Tak
86%
Państwa Azji San Marino Nie
86%
Państwa śródlądowe Urugwaj Nie
86%
Państwa śródlądowe Luksemburg Tak
85%
Stolice państw Oslo Tak
85%
Państwa Azji Tadżykistan Tak
85%
Państwa Azji Wietnam Tak
85%
Stolice państw Wilno Tak
85%
Państwa śródlądowe Andora Tak
84%
Państwa Azji Egipt Nie
84%
Państwa Azji Iran Tak
84%
państwa arabskie Indie Nie
83%
Państwa Azji Nepal Tak
83%
państwa arabskie Oman Tak
83%
Państwa Azji Sri Lanka Tak
83%
państwa arabskie Irak Tak
82%
Stolice państw Kolkata Nie
82%
Państwa Azji Samoa Nie
82%
Państwa Azji Palau Nie
81%
Stolice państw Seul Tak
81%
Stolice państw Sydney Nie
81%
Stolice państw Toronto Nie
81%
Państwa Azji Bahrajn Tak
80%
Państwa Azji Jordania Tak
80%
Państwa śródlądowe Kambodża Nie
80%
Państwa śródlądowe Gruzja Nie
79%
Państwa Azji Lesotho Nie
78%
Stany USA z dostępem do morza Floryda Tak
77%
Stolice państw Mumbaj Nie
77%
państwa arabskie Egipt Tak
75%
Stany USA z dostępem do morza Dakota Północna Nie
74%
Państwa śródlądowe Jordania Nie
74%
Państwa śródlądowe Lesotho Tak
74%
Stany USA z dostępem do morza Montana Nie
74%
Stany USA z dostępem do morza Utah Nie
74%
Państwa Azji Gruzja Tak
73%
Państwa śródlądowe Boliwia Tak
71%
Stany USA z dostępem do morza Hawaje Tak
71%
państwa arabskie Cypr Nie
70%
Stany USA z dostępem do morza Illinois Nie
70%
Stolice państw São Paulo Nie
70%
Stany USA z dostępem do morza Kolorado Nie
69%
Stany USA z dostępem do morza Minnesota Nie
69%
państwa arabskie Niger Nie
69%
Państwa śródlądowe Turkmenistan Tak
68%
Stany USA z dostępem do morza Michigan Nie
67%
Stolice państw Dubaj Nie
66%
Stolice państw Abu Zabi Tak
65%
państwa arabskie Malediwy Nie
65%
Stolice państw Lagos Nie
63%
państwa arabskie Mali Nie
63%
państwa arabskie Tunezja Tak
63%
Stolice państw Kinszasa Tak
61%
Stany USA z dostępem do morza Wirginia Zachodnia Nie
61%
Stany USA z dostępem do morza Arizona Nie
60%
Państwa śródlądowe Burkina Faso Tak
59%
państwa arabskie Erytrea Nie
59%
Stany USA z dostępem do morza Vermont Nie
58%
państwa arabskie Czad Nie
55%
Państwa śródlądowe Burundi Tak
53%
Stany USA z dostępem do morza Teksas Tak
53%
Państwa śródlądowe Mali Tak
52%
Państwa śródlądowe Etiopia Tak
49%
państwa arabskie Pakistan Nie
43%
Stany USA z dostępem do morza Maine Tak
42%
państwa arabskie Mauretania Tak
40%
państwa arabskie Somalia Tak
40%
państwa arabskie Turcja Nie
40%
Stany USA z dostępem do morza Oregon Tak
37%
Stany USA z dostępem do morza Pensylwania Tak
37%
Stolice państw Apia Tak
29%
państwa arabskie Iran Nie
19%
Nie znaleziono quizów pasujących do podanych kryteriów
Rozkład punktacji
Procent ludzi z każdym wynikiem
Percentyl według liczby udzielonych odpowiedzi
Twoja historia wyników
Nie rozwiązałeś tego quizu od ostatniego zresetowania